Столицы стран Европы - Statistics

General Stats
  • This quiz has been taken 21 times
    16 since last reset
  • The average score is 25 of 37
Answer Stats
Страны Столицы % Correct
3 Белару́сь (Респу́блика Белару́сь) Ми́нск
100%
6 Великобрита́ния (Соединённое Короле́вство Великобрита́нии и Се́верной Ирла́ндии) Ло́ндон
100%
8 Герма́ния (Федерати́вная Респу́блика Герма́ния) Берли́н
100%
14 Ита́лия (Италья́нская Респу́блика) Ри́м
100%
18 Люксембу́рг (Вели́кое Ге́рцогство Люксембу́рг) Люксембу́рг
100%
13 Испа́ния (Короле́вство Испа́ния) Мадри́д
92%
1 А́встрия (Австри́йская Респу́блика) Ве́на
85%
7 Ве́нгрия Будапе́шт
85%
9 Гре́ция (Гре́ческая Респу́блика) Афи́ны
85%
10 Да́ния (Короле́вство Да́ния) Копенга́ген
85%
15 Ла́твия (Латви́йская Респу́блика) Ри́га
85%
16 Литва́ (Лито́вская Респу́блика) Ви́льнюс
85%
4 Бе́льгия (Короле́вство Бе́льгия) Брюссе́ль
77%
5 Болга́рия (Респу́блика Болга́рия) Софи́я
77%
11 Ирла́ндия (Респу́блика Ирла́ндия) Ду́блин
77%
12 Исла́ндия Рейкья́вик
77%
24 По́льша (Респу́блика По́льша) Варша́ва
77%
20 Молдо́ва (Респу́блика Молдо́ва) Кишинёв
69%
21 Мона́ко (Кня́жество Мона́ко) Мона́ко (Мона́ко-Ви́лль)
69%
23 Норве́гия (Короле́вство Норве́гия) О́сло
69%
17 Лихтенште́йн (Кня́жество Лихтенште́йн) Ваду́ц
62%
22 Нидерла́нды (Короле́вство Нидерла́ндов) Амстерда́м
62%
31 Украи́на Ки́ев
62%
33 Фра́нция (Францу́зская Респу́блика) Пари́ж
62%
19 Ма́льта (Респу́блика Ма́льта) Валле́тта
46%
25 Португа́лия (Португа́льская Респу́блика) Лиссабо́н
46%
26 Румы́ния Бухаре́ст
46%
28 Се́рбия (Респу́блика Се́рбия) Белгра́д
46%
32 Финля́ндия (Финля́ндская Респу́блика) Хе́льсинки
46%
36 Че́хия (Че́шская Респу́блика) Пра́га
46%
37 Швейца́рия (Швейца́рская Конфедера́ция) Бе́рн
46%
38 Шве́ция (Короле́вство Шве́ция) Стокго́льм
46%
39 Эсто́ния (Эсто́нская Респу́блика) Та́ллин (Та́ллинн)
46%
29 Слова́кия (Слова́цкая Респу́блика) Братисла́ва
38%
27 Се́верная Македо́ния (Респу́блика Се́верная Македо́ния) Ско́пье
31%
30 Слове́ния (Респу́блика Слове́ния) Любля́на
31%
34 Хорва́тия (Респу́блика Хорва́тия) За́греб
31%
No matching quizzes found
Score Distribution
Percent of People with Each Score
Percentile by Number Answered
Your Score History
You have not taken this quiz since the last reset